000 008420000a22002650004500
001 157
003 CO-MdFUSB
005 20160531150045.0
008 160531t1998 miu f |||| 00| 0 eng d
020 _a0-8010-2141-3
040 _aCO-MdFUSB
_bEspaƱol
_cCO-MdFUSB
_dCO-MdFUSB
041 0 _aeng
082 0 4 _aR 221.48 H3612c
100 1 _aHatch, Edwin (1835-1889)
245 0 0 _aA concordance to the Septuagint and the other Greek Versions of the Old Testament (including the Apocryphal Books)
_c/ Edwin Hatch, Henry A. Redpath.
250 _a2
264 _aGrand Rapids, Michigan
_b : Baker,
_c1998
300 _a1865 Pag.
336 _2rdacontent
_a1
_ba1
337 _2rdamedia
_a2
_b5
338 _2rdacarrier
_a2
_b5
505 _aGreek and Septuagint
653 _aBIBLIA. A.T.
_a - SEPTUAGINTA
_a - CONCORDANCIAS
942 _cBK
999 _c31694
_d31694